000 00569nam a22002297a 4500
003 UA-OsUOA
001 49414
007 ta
008 20071004b un ||||| |||| 00| 0 ukr d
100 _aМайков В.
090 _a82.09
_bМ14
942 _cBK
040 _aUA-OsUOA
_brus
_cUA-OsUOA
_dUA-OsUOA
245 _aЛитературная критика
300 _a406 с.
955 _a1
041 _arus
080 _a82.09
260 _aСПб
_c1985
650 7 _a82 Література. Літературознавство
_2UDC
999 _c335519
_d335519